| 000 | 00484nam a2200181 i 4500 | ||
|---|---|---|---|
| 001 | bg | ||
| 100 | 1 | _aGOULD, Philip L. | |
| 245 | 0 |
_aAnalysis of shells and plates / _cPhilip L. Gould. |
|
| 260 |
_aNew York [i in.] : _bSpringer-Verl., _c1988. |
||
| 300 |
_aXIII, 491 s. : _bfot., rys., wykr. ; _c25 cm. |
||
| 020 | _a0387965858 | ||
| 040 | _cBPK | ||
| 041 | _apol | ||
| 080 | _a624:624.07 | ||
| 920 | _a0-387-96585-8 | ||
| 942 | _cKS | ||
| 008 | s pl f |000 0 pol | ||
| 999 |
_c28852 _d28852 |
||
| 856 |
_uhttp://koha.tu.koszalin.pl/cgi-bin/koha/opac-detail.pl?biblionumber=28852 _yKatalog online BPK |
||